| 000 | 00910nas a2200289 4500 | ||
|---|---|---|---|
| 001 | BR9604821 | ||
| 003 | BR-BrBNA | ||
| 005 | 20231205095807.0 | ||
| 007 | ta | ||
| 008 | 230509b bl.|||p| |||| 00| 00por d | ||
| 040 |
_aBR-BrBNA _bpor _cBiblioteca Nacional de Agricultura |
||
| 041 | _a(En) | ||
| 072 | _aF60 | ||
| 100 | 1 | _aGomes Filho, E. | |
| 100 | 1 | _aEneas Filho, J. | |
| 100 | 1 | _aPrisco, J.T. | |
| 245 | 1 | _aEffects of osmotic stress on growth and ribonuclease activity in Vigna unguiculata (L.)Walp. seedlings differing in stress tolerance | |
| 650 | _aFeijao de Corda | ||
| 650 | _aSalinidade | ||
| 650 | _aOsmose | ||
| 650 | _aStress | ||
| 650 | _aAtividade Enzimica | ||
| 650 | _aCrescimento | ||
| 773 | 0 |
_tRevista Brasileira de Fisiologia Vegetal (Brazil) _xISSN 0103-3131 _g(Apr 1996), v. 8(1) p. 51-57 _wBR9604821 |
|
| 909 |
_a202311 _bLúcia _c55 _dLúcia Elande |
||
| 942 |
_2AGRIS _n0 _cANA |
||
| 999 |
_c152746 _d152746 |
||